000 01320nam0a2200325 i 4500
001 RU\NLR\BIBL_A\011840180
005 20260405124056.0
010 _a9785907030589
035 _a(NLR Aleph) 011840180
090 _a12051512
_c12051512
100 _a20181025d2018 em y0rusy50 ca
101 0 _arus
_aeng
_deng
102 _aRU
105 _aa z 000zy
200 1 _aTheoria vs observatio
_dΘεωρία vs Observātio
_eвозвращение из обморока
_e[сборник статей]
_fАндрей Павленко
_gИнститут философии РАН
_zgre
210 _aСанкт-Петербург
_cАлетейя
_d2018
215 _a307 c.
_cил.
_d22
300 _aНа 4-й с. обл. авт.: А. Н. Павленко, проф.
300 _aТекст рус., англ.
300 _aБиблиогр. в конце ст. и в подстроч. примеч.
333 _a16+
510 1 _aΘεωρία vs Observātio
_zgre
606 _aЭмпиризм
_91866902
_3RU\NLR\AUTH\661138177
686 1 _aЮ220.01
700 1 _7ca
_8rus
_aПавленко
_bА. Н.
_cд-р филос. наук
_f1958-
_gАндрей Николаевич
_932535
_3RU\NLR\AUTH\7749600
942 _cBOOK
980 _aNBR